Co Jeździ Na Stacji Białystok | PKP | #1 - Statystyki

Ogólne statystyki
  • Ten quiz został rozwiązany 59 razy
  • Średni wynik to 8 z 16
Statystyki odpowiedzi
Rodzaj Nazwa % Poprawnych
TLK | Biebrza
78%
IC | Rybak
73%
IC | Hańcza
60%
IC | Podlasiak
60%
IC | Esperanto
55%
IC | Nałkowska
55%
IC | Mickiewicz
53%
IC | Słowacki
53%
IC | Zamenhof
50%
IC | Dąbrowska
48%
IC | Żubr
48%
IC | Leśmian
45%
IC | Daszyński
40%
IC | Prząśniczka
40%
IC | Narew
33%
IC | Krasiński
28%
Nie znaleziono quizów pasujących do podanych kryteriów
Rozkład punktacji
Procent ludzi z każdym wynikiem
Percentyl według liczby udzielonych odpowiedzi
Twoja historia wyników
Nie rozwiązałeś tego quizu